Państwo według liczby przyjętych uchodżćów z Ukrainy - Statystyki

Ogólne statystyki
  • Ten quiz został rozwiązany 94 razy
    47 od ostatniego zresetowania
  • Średni wynik to 12 z 16
Statystyki odpowiedzi
# Państwo % Poprawnych
955 110 Polska
100%
1 235 960 Niemcy
97%
369 330 Czechy
94%
65 175 Francja
94%
113 110 Słowacja
94%
161 500 Włochy
89%
192 665 Hiszpania
81%
144 295 Rumunia
81%
74 450 Litwa
78%
143 615 Holandia
72%
73 705 Belgia
69%
82 610 Austria
64%
169 845 Bułgaria
64%
63 485 Finlandia
64%
58 490 Portugalia
56%
99 415 Irlandia
42%
Nie znaleziono quizów pasujących do podanych kryteriów
Rozkład punktacji
Procent ludzi z każdym wynikiem
Percentyl według liczby udzielonych odpowiedzi
Twoja historia wyników
Nie rozwiązałeś tego quizu od ostatniego zresetowania